000 00892nam a2200277 a 4500
001 58560
003 BD-RjUL
005 20211209080633.0
008 161219s1976 nju b 001 0 eng
020 _a0874718910
035 _a(BD-RjUL)58684
040 _aDLC
_cDLC
_dDLC
_beng
041 _aeng
082 0 0 _a331.0941
_223
_bKYK 1976
100 1 _aKynaston, David.
_9173995
245 1 0 _aKing Labour :
_bthe British working class, 1850-1914 /
_cDavid Kynaston.
260 _aTotowa, N.J. :
_bRowman and Littlefield,
_c1976.
300 _a184 p. ;
_c23 cm.
500 _aIncludes index.
504 _aBibliography: p. [167]-170.
650 0 _aWorking class
_zGreat Britain
_xHistory.
_9173996
650 0 _aWorking class
_xPolitical activity
_zGreat Britain
_xHistory.
_9173997
650 0 _aSocialism
_zGreat Britain
_xHistory.
_9173998
942 _2ddc
_cBK
999 _c58560
_d58560